=LDR 00000nam 2200000 4500 =001 INLIS000000000022328 =005 20130612121109 =008 ***********************************Ind** =035 ##$$0010-061300000022328 =041 ##$$a Ind =082 ##$$a 658.151 1 =090 ##$$a 658.151 1, Wid-a =100 ##$$a Widodo, Hertanto =245 ##$$a Akuntansi =260 ##$$a 2001 $b Bandung =300 ##$$a xxiv, 172 hlm., ilus., 24 cm =650 ##$$a Manajemen Keuangan =850 ##$$a NBPNMAT